| 000 | 00951nam a2200277 i 4500 | ||
|---|---|---|---|
| 001 | bg | ||
| 245 | 1 | 0 |
_aWeimarer Republik und Drittes Reich 1918 - 1945 / _chrsg. von Heinz Hürten. |
| 260 |
_aStuttgart : _bPhilipp Reclam, _c2007. |
||
| 300 |
_a464 s. : _bfot. ; _c15 cm. |
||
| 490 | 0 |
_aUniversal-Bibliothek ; _n17009 |
|
| 490 | 0 |
_aDeutsche Geschichte in Quellen und Darstellung / hrsg. von Rainer A. Müller ; _nBd. 9 |
|
| 651 | 9 |
_aNiemcy _xhistoria _y20 w. |
|
| 651 | 9 | _aRepublika Weimarska | |
| 700 | 1 |
_aHürten, Heinz. _eRed. |
|
| 700 | 1 |
_aMüller, Rainer A. _eRed. |
|
| 830 | 0 |
_aReclam Universal-Bibliothek ; _n17009 |
|
| 830 | 0 |
_aDeutsche Geschichte in Quellen und Darstellung ; _nBd. 9 |
|
| 020 | _a9783150170090 | ||
| 040 | _cBPK | ||
| 041 | 0 | _ager | |
| 044 | _aDEU | ||
| 080 | _a94(430)"19" | ||
| 942 | _cKS | ||
| 008 | s pl f |000 0 pol | ||
| 999 |
_c54565 _d54565 |
||
| 856 |
_uhttp://koha.tu.koszalin.pl/cgi-bin/koha/opac-detail.pl?biblionumber=54565 _yKatalog online BPK |
||